000
00331nam a2200145Ia 4500
100
_a
Altman/ R.B./ Altman/ R.
942
_c
BK
654
_a
Computer
245
_a
Mastering Pagemaker 5.0 for Windows
260
_b
BPB Publication
_a
New Delhi
_c
1994
082
_a
005.1 'W'
300
_a
760
546
_a
ENGLISH
999
_c
18117
_d
18117